000 00402pab a2200169 454500
008 180718b1995 xxu||||| |||| 00| 0 eng d
100 _aJoshi, Naavin Chandra
245 _aProject exports need a push.
260 _c1995
300 _ap.44-45
362 _aApr
650 _aForeign commerce
650 _aInternational trade
650 _aIndia - Commerce
773 _aYojana
909 _a28761
999 _c28761
_d28761